A family for Faith / (Record no. 493)

MARC details
000 -LEADER
fixed length control field 01506cam a22003253a 4500
005 - DATE AND TIME OF LATEST TRANSACTION
control field 20260322212022.0
008 - FIXED-LENGTH DATA ELEMENTS--GENERAL INFORMATION
fixed length control field data
010 ## - LIBRARY OF CONGRESS CONTROL NUMBER
LC control number 2013658834
020 ## - INTERNATIONAL STANDARD BOOK NUMBER
International Standard Book Number 9780373876655
020 ## - INTERNATIONAL STANDARD BOOK NUMBER
International Standard Book Number 0373876653
040 ## - CATALOGING SOURCE
Original cataloging agency BTCTA
Language of cataloging eng
Transcribing agency BTCTA
Modifying agency DLC
-- B2A
-- DLC
042 ## - AUTHENTICATION CODE
Authentication code lccopycat
050 00 - LIBRARY OF CONGRESS CALL NUMBER
Classification number CPB Box no. 3726 vol. 2
099 ## - LOCAL FREE-TEXT CALL NUMBER (OCLC)
Classification number TIPPEM
001 - CONTROL NUMBER
control field data
100 1# - MAIN ENTRY--PERSONAL NAME
Personal name Tippens, Missy.
245 12 - TITLE STATEMENT
Title A family for Faith /
Statement of responsibility, etc. Missy Tippens & Copyright Paperback Collection (Library of Congress).
260 ## - PUBLICATION, DISTRIBUTION, ETC.
Place of publication, distribution, etc. New York :
Name of publisher, distributor, etc. Love Inspired,
Date of publication, distribution, etc. c2011.
300 ## - PHYSICAL DESCRIPTION
Extent 215, [9] p. ;
Dimensions 17 cm.
490 0# - SERIES STATEMENT
Series statement Love inspired inspirational romance
490 1# - SERIES STATEMENT
Series statement Love inspired
520 ## - SUMMARY, ETC.
Summary, etc. "When Faith Hagin sees widower cop Gabe Reynolds every day in her coffee shop, she can't help but feel for the struggling single dad. She's raised a teenager of her own--and sadly, knows what not to do. But thanks to his matchmaking preteen daughter, Chelsea, the whole town's praying for Gabe to finda wife! Even though Faith thinks she's content being just friends, spending time with him and Chelsea starts to feel like a fresh start at having a family. And their love may be the answer to everyone's prayers."--P. [4] of cover.
650 #0 - SUBJECT ADDED ENTRY--TOPICAL TERM
Topical term or geographic name entry element Widowers
Form subdivision Fiction.
650 #0 - SUBJECT ADDED ENTRY--TOPICAL TERM
Topical term or geographic name entry element Single parents
Form subdivision Fiction.
650 #0 - SUBJECT ADDED ENTRY--TOPICAL TERM
Topical term or geographic name entry element Man-woman relationships
Form subdivision Fiction.
655 #7 - INDEX TERM--GENRE/FORM
Genre/form data or focus term Love stories.
Source of term gsafd
655 #7 - INDEX TERM--GENRE/FORM
Genre/form data or focus term Religious fiction.
Source of term lcsh
710 2# - ADDED ENTRY--CORPORATE NAME
Corporate name or jurisdiction name as entry element Copyright Paperback Collection (Library of Congress)
Institution to which field applies DLC
830 #0 - SERIES ADDED ENTRY--UNIFORM TITLE
Uniform title Love inspired.
Holdings
Withdrawn status Lost status Damaged status Not for loan Home library Current library Shelving location Date acquired Total checkouts Full call number Barcode Date last seen Price effective from Koha item type
        Union Union General stacks 22/03/2026   CPB Box no. 3726 vol. 2 BC0010504 22/03/2026 22/03/2026 Books